000 01015nam a22003257a 4500
003 CHAP
005 20240503135110.0
008 111124s2009 mx a r 00010 spa d
010 _a102564
011 _a103536
020 _a9788449438721 (libro)
020 _a9788449438721 (CD)
035 _a114225
040 _cCHAP
082 0 4 _a370.71
_bM31
245 0 0 _aManual de recursos del maestro
260 _aBarcelona, :
_bOCEANO,
_c2009
300 _axx, 731 p. :
_bilus., + CD (4 3/4 plg.)
500 _aEl CD contiene Recursos interactivos.
590 _aBATCH-UPD
_b10
_c20130110
590 _aBATCH-UPD
_b10
_c20130410
590 _aBATCH-UPD
_b10
_c20130914
590 _aCONVERSION
_b10
_c20130109
650 1 4 _aEducación
_xEstudio y enseñanza.
_935443
650 1 4 _aEducación
_xFormación de profesores.
_935448
650 1 4 _aEducación
_xInnovaciones tecnológicas.
_935456
901 _aBK
942 _cLIBRO
_2ddc
949 _a370.71 M31
_bBC
_cLIBRO
_d33724002312983
_eLIBRO
_h116128
_i114225
_sb
999 _c102564
_d102564